Evaluación de la eficiencia de enfriamiento del follaje ornamental de la planta Aralia japónica para exportación

Uloženo v:
Podrobná bibliografie
Hlavní autor: Bach Gutiérrez, Gabriel Allan, 1994-
Další autoři: Bustamante Román, Mauricio José, 1985- Director del TFG
Médium: Kniha
Jazyk:Spanish
Vydáno: San Pedro de Montes de Oca, San José, Costa Rica 2022
Témata:
Tagy: Přidat tag
Žádné tagy, Buďte první, kdo vytvoří štítek k tomuto záznamu!

MARC

LEADER 00000nam a2200000Ia 4500
003 013569
005 20230413113425.0
008 140114s2022 cr a 000 ||spa d
040 |c cru CEDI 
100 |a Bach Gutiérrez, Gabriel Allan, 1994-  |9 399 
245 |a Evaluación de la eficiencia de enfriamiento del follaje ornamental de la planta Aralia japónica para exportación 
260 |a San Pedro de Montes de Oca, San José, Costa Rica  |c 2022 
500 |a Trabajo de graduación (licenciatura en ingeniería de biosistemas)--Universidad de Costa Rica. Facultad de Ingeniería. Escuela de Ingeniería de Biosistemas 
501 |a Director de Trabajo de Graduación Final . Ing. Mauricio Bustamante Román, Ph.D. 
610 |x Agroindustriales de Oreamuno (Costa Rica) 
650 |x HOJAS - COMERCIO - COSTA RICA   |x FATSIA JAPONICA   |x ENFRIAMIENTO   |x REFRIGERACION   |x HOJAS - ENFERMEDADES Y PLAGAS  |x EMBALAJE  |x FUNGICIDAS 
700 |9 400  |a  Bustamante Román, Mauricio José, 1985-  |d Director del TFG  
942 |c CEDI  |h TFG 8720  |6 TFG_8720_000000000000000 
999 |c 22072  |d 22072